Tinc un adolescent a casa : guia per a una convivència saludable / textos: Javier Aznar,... [et al.] guia per a una convivència saludable / textos:
Publicado:
Barcelona :
Diputació de Barcelona. Àrea de Salut Pública i Consum. Servei de Salut Pública ,
2009
Descripción Física:
28 p. ; 21 cm
MARC
| LEADER | 00000nam a2200000Ia 4500 | ||
|---|---|---|---|
| 001 | 22205 | ||
| 008 | 160829s2009 xx 000 0 cat d | ||
| 080 | |a FU-50-47 | ||
| 245 | |a Tinc un adolescent a casa : |b guia per a una convivència saludable / textos: |b Javier Aznar,... [et al.] | ||
| 260 | |a Barcelona : |b Diputació de Barcelona. Àrea de Salut Pública i Consum. Servei de Salut Pública, |c 2009 | ||
| 300 | |a 28 p. ; |c 21 cm | ||
| 650 | |a Adolescents |9 28549 | ||
| 650 | |a Comunicació en la família |9 28550 | ||
| 710 | |a Barcelona (Catalunya : Província). |b Servei de Salut Pública |9 52202 | ||
| 901 | |a Arxiu | ||
| 942 | |n 1 | ||
| 952 | |0 0 |1 0 |4 0 |6 FU5047 |7 1 |9 44863 |a Arxiu |b Arxiu |d 2016-12-01 |l 0 |o FU-50-47 |p 22205 |r 2016-12-01 00:00:00 |w 2016-12-01 |y ARXIU | ||
| 999 | |c 47461 |d 47461 | ||